SAT Vocab 4 - Statistics

General Stats
  • This quiz has been taken 48 times
  • The average score is 8 of 22
Answer Stats
Answer Hint % Correct
Ambivalent (adj) feeling both positive and negative emotions about something
73%
Ambulatory (adj) capable of walking
73%
Altruistic (adj) selfless
67%
Loquacious (adj) talkative
67%
Anthropology (n) the study of man
53%
Ambiguous (adj) unclear
47%
Impervious (adj) impenetrable
47%
Deference (n) respect
40%
Insolent (adj) boldly rude
33%
Infidel (n) a person who does not accept a particular faith
27%
Inimical (adj) unfriendly; hostile
27%
Insipid (adj) dull; uninteresting
27%
Insolvent (adj) bankrupt
27%
Insurrection (n) rebellion; revolt
27%
Intractable (adj) not easily controlled
27%
Cloying (adj) excessively sweet or rich
20%
Console (v) to alleviate or lessen the grief, sorrow, or disappointment of
20%
Inscrutable (adj) not easily understood
20%
Antagonistic (adj) acting in opposition
13%
Antediluvian (adj) from a much earlier time
13%
Impregnable (adj) unconquerable
7%
Insurgent (adj) rebellious
7%
No matching quizzes found
Score Distribution
Percent of People with Each Score
Percentile by Number Answered
Your Score History
You have not taken this quiz